000 00597pam a2200217 a 4500
001 481223
005 20180205042830.0
008 840627s1984 cau b 001 0 eng
010 _a 84047988
020 _a0875896200 (alk. paper)
040 _aDLC
_cDLC
_dDLC
041 _aeng
080 _a658 KIL
082 0 0 _a658 KIL
_219
100 1 _a54
101 _aMEN
245 1 0 _aBeyond the quick fix :
_cRalph H. Kilmann.
504 _aBibliography: p. 277-290.
906 _a7
_bcbc
_corignew
_d1
_eocip
_f19
_gy-gencatlg
942 _2ddc
_cBK
999 _c41736
_d41736